000 00356nam a2200145Ia 4500
005 20251222151342.0
008 251222s9999||||xx |||||||||||||| ||spa||
020 _a9781456222543
082 _a616.98/C32
100 _aCastro Albarrán, Juan Manuel E.
245 0 _aSalud Ambiente y Trabajo
250 _a1ra. ed.
264 _bMcGrawhill
942 _cLIB
999 _c24500
_d24500